00780nam a2200217 a 450000100100000000500170001000800410002704000250006808200190009310000290011224500840014126000320022530000270025759000330028465000290031765000310034670000360037704900090041395201230042299900170054500001933720200929170004.0100624s1975 nyu 000 p spa d aDO-SdBNPbspacBNPHU a861.6bC357ó1 aCatalá, Rafael,94156610aOjo sencillo :btriqui traque /cRafael Catalá ; prólogo de Juan Goytisolo. aNew York :bCartago,c1975. a73, [1] p. ; :b18 cm. aAutobiografiado por el autor 4aPoesía española9631 4aLiteratura española96321 aGoytisolo, Juan,epról.93544 aBNGR 001054708MOaGRbGRcCTd2010-06-24iLF1l0o861.6 C357óp19337-10r2020-06-25w2020-06-25y4ZPréstamo en sala c18854d18854